Comparison of surgical outcome between Hook Plate fixation and loop fixation for acute unstable AC dislocation : (رقم التسجيلة. 179016)

تفاصيل مارك
000 -LEADER
fixed length control field 04658namaa22004451i 4500
003 - CONTROL NUMBER IDENTIFIER
control field EG-GICUC
005 - أخر تعامل مع التسجيلة
control field 20260408131320.0
008 - FIXED-LENGTH DATA ELEMENTS--GENERAL INFORMATION
fixed length control field 260314s2025 ua a|||frm||| 000 0 eng d
040 ## - CATALOGING SOURCE
Original cataloguing agency EG-GICUC
Language of cataloging eng
Transcribing agency EG-GICUC
Modifying agency EG-GICUC
Description conventions rda
041 0# - LANGUAGE CODE
Language code of text/sound track or separate title eng
Language code of summary or abstract eng
-- ara
049 ## - Acquisition Source
Acquisition Source Deposit
082 04 - DEWEY DECIMAL CLASSIFICATION NUMBER
Classification number 616.7
092 ## - LOCALLY ASSIGNED DEWEY CALL NUMBER (OCLC)
Classification number 616.7
Edition number 21
097 ## - Degree
Degree M.Sc
099 ## - LOCAL FREE-TEXT CALL NUMBER (OCLC)
Local Call Number Cai01.11.25.M.Sc.2025.Kh.C
100 0# - MAIN ENTRY--PERSONAL NAME
Authority record control number or standard number Khalid Muhammad Khalaf Muhammad,
Preparation preparation.
245 10 - TITLE STATEMENT
Title Comparison of surgical outcome between Hook Plate fixation and loop fixation for acute unstable AC dislocation :
Remainder of title A Systematic Review and Meta-Analysis /
Statement of responsibility, etc. by Khalid Muhammad Khalaf Muhammad ; Supervised Prof. Dr. Yasser El Safoury, Prof. Dr .Ayman Mahmoud Mansour, Dr . Ahmed Mohamad Farghaly.
246 15 - VARYING FORM OF TITLE
Title proper/short title مراجعة منهجية وتحليل تلوي لمقارنة النتائج الجراحية لاستخدام شريحة خطافية بالمقارنة مع استخدام أنظمة التعليق والتثبيت بواسطة زرار جراحي في علاج الخلع الحاد غير المستقر للمفصل الترقوي الاخرومي
264 #0 - PRODUCTION, PUBLICATION, DISTRIBUTION, MANUFACTURE, AND COPYRIGHT NOTICE
Date of production, publication, distribution, manufacture, or copyright notice 2025.
300 ## - PHYSICAL DESCRIPTION
Extent 76 pages :
Other physical details illustrations ;
Dimensions 25 cm. +
Accompanying material CD.
336 ## - CONTENT TYPE
Content type term text
Source rda content
337 ## - MEDIA TYPE
Media type term Unmediated
Source rdamedia
338 ## - CARRIER TYPE
Carrier type term volume
Source rdacarrier
502 ## - DISSERTATION NOTE
Dissertation note Thesis (M.Sc)-Cairo University, 2025.
504 ## - BIBLIOGRAPHY, ETC. NOTE
Bibliography, etc. note Bibliography: pages 63-73.
520 #3 - SUMMARY, ETC.
Summary, etc. Acute unstable ACJ dislocations (Rockwood III-VI) are a significant surgical <br/>challenge. This meta-analysis compared rigid hook plate (HP) fixation to flexible <br/>suspensory fixation (SF). SF demonstrated superior functional outcomes, less pain, <br/>higher patient satisfaction, and shorter hospital stays. While HP provided better <br/>initial anatomical reduction and lower re-dislocation rates, it had a significantly <br/>higher complication burden, including near-mandatory need for a second surgery <br/>to remove hardware. Consequently, SF emerges as the preferred first-line surgical <br/>option for most patients, prioritizing functional recovery and avoiding re-operation. <br/>HP should be reserved for selective cases where maximal initial stability is <br/>paramount, with full patient awareness of its risks.
520 #3 - SUMMARY, ETC.
Summary, etc. يمثل الخلع الحاد غير المستقر للمفصل الأخرمي الترقوي تصنيفات روكوود III-VI تحديًا جراحيًا كبيرًا. قارنت هذه المراجعة المنهجية والتحليل التلوي بين تقنيتين رئيسيتين للعلاج: التثبيت بالصفيحة الخطافية (HP) والتثبيت التعليقي (SF).<br/>أظهرت النتائج أن التثبيت التعليقي مثل TightRope حققت تفوقًا في النتائج الوظيفية، وقللت الألم، وارتبطت برضا أعلى للمرضى، وإقامة أقصر في المستشفى، وفقدان دم أقل أثناء الجراحة. في المقابل، حقق التثبيت بالصفيحة الخطافية ثباتًا تشريحيًا أوليًا أفضل ومعدلات إعادة خلع أقل.<br/>لكن الصفيحة الخطافية ارتبطت بمعدلات مضاعفات أعلى بشكل ملحوظ، بما في ذلك تآكل العظم والتهاب المفاصل، وتقريبًا تتطلب دائمًا عملية ثانية لإزالة المثبتات.<br/>يُوصى بأن يكون التثبيت التعليقي هو الخيار الأول المفضل لغالبية المرضى، حيث يقدم تعافيًا وظيفيًا أفضل ويقلل من الحاجة لجراحة ثانية. بينما يمكن حجز الصفيحة الخطافية للحالات الانتقائية التي يكون فيها تحقيق أقصى ثبات تشريحي هو الهدف الأساسي
530 ## - ADDITIONAL PHYSICAL FORM AVAILABLE NOTE
Issues CD Issues also as CD.
546 ## - LANGUAGE NOTE
Text Language Text in English and abstract in Arabic & English.
650 #0 - SUBJECT ADDED ENTRY--TOPICAL TERM
Topical term or geographic name entry element Orthopedic Surgery
650 #0 - SUBJECT ADDED ENTRY--TOPICAL TERM
Topical term or geographic name entry element جراحة العظام
653 #1 - INDEX TERM--UNCONTROLLED
Uncontrolled term Acromioclavicular Joint Dislocation
-- Hook Plate
-- Suspensory Fixation
-- Meta-analysis
-- خلع المفصل الأخرمي الترقوي
-- الصفيحة الخطافية
700 0# - ADDED ENTRY--PERSONAL NAME
Personal name Yasser El Safoury
Relator term thesis advisor.
700 0# - ADDED ENTRY--PERSONAL NAME
Personal name Ayman Mahmoud Mansour
Relator term thesis advisor.
700 0# - ADDED ENTRY--PERSONAL NAME
Personal name Ahmed Mohamad Farghaly
Relator term thesis advisor.
900 ## - Thesis Information
Grant date 01-01-2025
Supervisory body Yasser El Safoury
-- Ayman Mahmoud Mansour
-- Ahmed Mohamad Farghaly
Universities Cairo University
Faculties Faculty of Medicine
Department Department of Orthopedic Surgery
905 ## - Cataloger and Reviser Names
Cataloger Name Shimaa
Reviser Names Eman Ghareb
942 ## - ADDED ENTRY ELEMENTS (KOHA)
Source of classification or shelving scheme Dewey Decimal Classification
Koha item type Thesis
Edition 21
Suppress in OPAC No
المقتنيات
Source of classification or shelving scheme Home library Current library Date acquired Inventory number Full call number Barcode Date last seen Effective from Koha item type
Dewey Decimal Classification المكتبة المركزبة الجديدة - جامعة القاهرة قاعة الرسائل الجامعية - الدور الاول 14.03.2026 93561 Cai01.11.25.M.Sc.2025.Kh.C 01010110093561000 14.03.2026 14.03.2026 Thesis
Cairo University Libraries Portal Implemented & Customized by: Eng. M. Mohamady Contacts: new-lib@cl.cu.edu.eg | cnul@cl.cu.edu.eg
CUCL logo CNUL logo
© All rights reserved — Cairo University Libraries
CUCL logo
Implemented & Customized by: Eng. M. Mohamady Contact: new-lib@cl.cu.edu.eg © All rights reserved — New Central Library
CNUL logo
Implemented & Customized by: Eng. M. Mohamady Contact: cnul@cl.cu.edu.eg © All rights reserved — Cairo National University Library